Lataa...
Organizational Behaviour
| Päätekijä: | |
|---|---|
| Aineistotyyppi: | Printed Book |
| Kieli: | Undetermined |
| Julkaistu: |
Vikas Publishing house,
2014
|
| Aiheet: |
| LEADER | 00483nam a2200145Ia 4500 | ||
|---|---|---|---|
| 008 | 200324s9999 xx 000 0 und d | ||
| 082 | |a 648.40019 |b CHA-O | ||
| 100 | |a Chandan,Jit,S | ||
| 245 | 0 | |a Organizational Behaviour | |
| 260 | |b Vikas Publishing house, |c 2014 | ||
| 300 | |a 431p. | ||
| 650 | |a Organizational behaviour | ||
| 942 | |c BK | ||
| 999 | |c 289126 |d 289126 | ||
| 952 | |0 0 |1 0 |4 0 |6 648_400190000000000_CHAO |7 0 |9 307660 |a SDE |b SDE |d 2018-08-29 |l 0 |o 648.40019 CHA-O |p SDE25319 |r 2020-03-27 |w 2020-03-27 |y BK | ||